Центральный административный округ - достижения и перспективы развития; Энергосбережение; № 1

Dades bibliogràfiques
Parent link:Энергосбережение: специализированный журнал/ Ассоциация инженеров по отоплению, вентиляции, кондиционированию воздуха, теплоснабжению и строительной теплофизике (АВОК), ООО ИИП "АВОК-ПРЕСС".— , 2000-.— 1609-7505
№ 1.— 2002.— С. 16
Idioma:rus
Publicat: 2002
Col·lecció:Опыт Москвы в энергосбережении
Matèries:
Format: MixedMaterials Capítol de llibre
KOHA link:https://koha.lib.tpu.ru/cgi-bin/koha/opac-detail.pl?biblionumber=382025

MARC

LEADER 00000n a2a2200000 4500
001 382025
005 20231101062912.0
035 |a (RuTPU)RU\TPU\prd\5276 
090 |a 382025 
100 |a 20020701a2002 k y0rusy50 ca 
101 0 |a rus 
102 |a RU 
200 1 |a Центральный административный округ - достижения и перспективы развития 
225 1 |a Опыт Москвы в энергосбережении 
461 1 |0 (RuTPU)RU\TPU\prd\913  |x 1609-7505  |t Энергосбережение  |o специализированный журнал  |f Ассоциация инженеров по отоплению, вентиляции, кондиционированию воздуха, теплоснабжению и строительной теплофизике (АВОК), ООО ИИП "АВОК-ПРЕСС"  |d 2000- 
463 1 |0 (RuTPU)RU\TPU\prd\2717  |t № 1  |v С. 16  |d 2002 
610 1 |a Москва 
610 1 |a градостроительство 
610 1 |a выставки 
801 1 |a RU  |b 63413507  |c 20020701  |g PSBO 
801 2 |a RU  |b 63413507  |c 20120417  |g RCR 
942 |c BK